Mastering Web Development with Microsoft Visual Studio 2005
For large-scale web application development, Visual Studio 2005 is the most capable product around. This book shows team members and leaders how to use its power in several key dimensions. You'll master dozens of built-in features for creating a large, high-performance website based on ASP.NET...
Wedi'i Gadw mewn:
| Prif Awdur: | |
|---|---|
| Fformat: | Llyfr |
| Iaith: | Undetermined |
| Cyhoeddwyd: |
Indianapolis, IN
Wiley
2005
|
| Pynciau: | |
| Tagiau: |
Ychwanegu Tag
Dim Tagiau, Byddwch y cyntaf i dagio'r cofnod hwn!
|
| Thư viện lưu trữ: | Trung tâm Học liệu Trường Đại học Cần Thơ |
|---|
| LEADER | 01364nam a2200205Ia 4500 | ||
|---|---|---|---|
| 001 | CTU_162931 | ||
| 008 | 210402s9999 xx 000 0 und d | ||
| 020 | |c 32.99 | ||
| 082 | |a 005.276 | ||
| 082 | |b M946 | ||
| 100 | |a Mueller, John Paul | ||
| 245 | 0 | |a Mastering Web Development with Microsoft Visual Studio 2005 | |
| 245 | 0 | |c John Paul Mueller | |
| 260 | |a Indianapolis, IN | ||
| 260 | |b Wiley | ||
| 260 | |c 2005 | ||
| 520 | |a For large-scale web application development, Visual Studio 2005 is the most capable product around. This book shows team members and leaders how to use its power in several key dimensions. You'll master dozens of built-in features for creating a large, high-performance website based on ASP.NET 2.0. You'll work seamlessly with dynamic data, both reading from and writing to databases. And throughout, you'll learn how Visual Studio 2005 supports a more efficient group process in terms of design, development, and deployment. And everything is brought together with the enterprise-scale example, "ABC Incorporated," that runs throughout the book. This is a book no web developer, and no web-dependent organization, should be without. | ||
| 650 | |a Microsoft Visual studio,Web site development,Microsoft Visual studio,Phát triển Website | ||
| 904 | |i Bạch Trúc | ||
| 980 | |a Trung tâm Học liệu Trường Đại học Cần Thơ | ||